| 000 | 00862nam a22002295a 4500 | ||
|---|---|---|---|
| 003 | OSt | ||
| 005 | 20170327094432.0 | ||
| 008 | 170322s2008 ua frb 000 0 ara d | ||
| 015 | _a2008 / 1519 | ||
| 040 |
_aEG-ScBUE _bara _cEG-ScBUE |
||
| 082 | 0 | 4 |
_a346.02 _bس ل ا _222 |
| 100 | 1 | _aسلامة، أحمد عبد الكريم. | |
| 245 | 1 | 0 |
_aقانون العقد الدولي : _bمفاوضات العقود الدولية - قانون الإرادة وأزمته / _cتأليف أحمد عبد الكريم سلامة. |
| 260 |
_aالقاهرة : _bدار النهضة العربية، _c[2008] |
||
| 300 |
_a414 ص. ؛ _c24 سم. |
||
| 504 | _aيشتمل على إرجاعات ببليوجرافية. | ||
| 650 | 7 |
_aالعقود (قانون دولي) _2BUEsh |
|
| 650 | 7 |
_aBUEsh _2BUEsh |
|
| 651 | _2BUEsh | ||
| 653 |
_bLLAAWW _cMarch2017 |
||
| 942 | _2ddc | ||
| 999 |
_c24533 _d24505 |
||